| 000 | 01143nam a22002417a 4500 | ||
|---|---|---|---|
| 999 |
_c1019 _d1019 |
||
| 005 | 20200313105306.0 | ||
| 008 | 200313b ||||| |||| 00| 0 eng d | ||
| 020 | _a9780399548000 | ||
| 040 | _cKH8 | ||
| 082 | _aFIC LU | ||
| 100 |
_aLu, Mari _eauthor |
||
| 245 |
_aWildcard / _cMarie Lu |
||
| 260 |
_aNew York : _bPenguin Books, _c2019. ©2018. |
||
| 300 |
_a341, 10 pages ; _c 24 cm. |
||
| 500 | _aIncludes sneak peek of The Kingdom of Back. | ||
| 500 | _aSequel to Warcross | ||
| 520 | _aFor the millions who log in every day, Warcross isn't just a game - it's a way of life. And teenage hacker Emika Chen has found herself caught up in a conflict that could change the world. Warcross creator, Hideo Tanaka, wants to use to the game to control peoples' thoughts and feelings, effectively ending free will - Zero, a mysterious (and dangerous) hacker, wants to stop him. Now Emika must decide who she will fight for. The game is on ... | ||
| 650 |
_aInternet games _vJuvenile fiction. |
||
| 650 |
_aComputer crimes _vJuvenile fiction. |
||
| 650 |
_aHackers _vJuvenile fiction. |
||
| 650 | _aYoung adult fiction. | ||
| 942 |
_2ddc _cFIC |
||